Riga International Airport Destinations (Riga, Latvia) - Statistics

General Stats
  • This quiz has been taken 219 times
    52 since last reset
  • The average score is 66 of 101
Answer Stats
Airline Destination % Correct
airBaltic/Finnair Helsinki
95%
airBaltic/Norwegian Air Shuttle London (Gatwick)
95%
Ryanair London (Stansted)
95%
Aegean Airlines/airBaltic Athens
92%
airBaltic/Norwegian Air Shuttle/Scandinavian Airlines Copenhagen
92%
airBaltic Milan (Malpensa)
92%
airBaltic/Norwegian Air Shuttle Oslo
92%
airBaltic/Ryanair Rome (Fiumicino)
92%
airBaltic Tallinn
92%
LOT Polish Airlines Warsaw (Chopin)
92%
airBaltic Amsterdam
89%
airBaltic/Ryanair Dublin
89%
airBaltic/Turkish Airlines Istanbul
89%
Ryanair Kraków
89%
airBaltic Munich
89%
airBaltic Naples
89%
airBaltic Paris (Charles de Gaulle)
89%
airBaltic/Norwegian Air Shuttle/Ryanair Stockholm (Arlanda)
89%
airBaltic Venice
89%
airBaltic Vilnius
89%
airBaltic/Ryanair Barcelona
86%
airBaltic Berlin
86%
airBaltic Bucharest (Otopeni)
86%
airBaltic/flydubai Dubai (International)
86%
airBaltic/Lufthansa Frankfurt
86%
airBaltic Lisbon
86%
airBaltic Madrid
86%
airBaltic Budapest
84%
airBaltic Hamburg
84%
Ryanair Manchester
84%
airBaltic Nice
84%
airBaltic/Ryanair Prague
84%
airBaltic/Ryanair Vienna
84%
airBaltic Zürich
84%
airBaltic/Norwegian Air Shuttle Bergen
81%
airBaltic Brussels
81%
airBaltic Geneva
81%
airBaltic Porto
78%
airBaltic Sofia
78%
airBaltic Tirana
78%
airBaltic Düsseldorf
76%
Ryanair Edinburgh
76%
airBaltic/Ryanair Málaga
76%
airBaltic/Norwegian Air Shuttle Alicante
73%
airBaltic/Ryanair Malta
73%
airBaltic Reykjavík
73%
Ryanair Aarhus
70%
airBaltic/Freebird Airlines/Mavi Gök Airlines Antalya
70%
airBaltic Belgrade
70%
Uzbekistan Airways Tashkent
70%
Ryanair Cologne/Bonn
68%
airBaltic Palma de Mallorca
68%
airBaltic Tel Aviv
68%
airBaltic Heraklion
65%
airBaltic Pisa
65%
Norwegian Air Shuttle Trondheim
65%
airBaltic Corfu
62%
airBaltic Dubrovnik
62%
airBaltic Rhodes
62%
airBaltic/Norwegian Air Shuttle Split
62%
airBaltic Valencia
62%
Heston Airlines/Ryanair Bergamo
59%
airBaltic Faro
59%
airBaltic Gran Canaria
59%
airBaltic Ljubljana
59%
airBaltic Thessaloniki
59%
airBaltic Billund
57%
airBaltic Funchal
57%
airBaltic Tbilisi
57%
airBaltic Verona
57%
airBaltic Kaunas
54%
airBaltic Larnaca
54%
airBaltic/Air Montenegro/Heston Airlines/Norwegian Air Shuttle Tivat
54%
airBaltic Yerevan
54%
Freebird Airlines Bodrum
51%
airBaltic Chișinău
51%
airBaltic Salzburg
51%
airBaltic Aberdeen
49%
airBaltic Catania
49%
airBaltic/Heston Airlines/Norwegian Air Shuttle Burgas
46%
airBaltic Innsbruck
46%
Ryanair Leeds/Bradford
46%
airBaltic Tampere
46%
Ryanair Charleroi
43%
Ryanair Paphos
43%
airBaltic/Heston Airlines/SkyUp Airlines Sharm El Sheikh
43%
airBaltic/Heston Airlines/Skyline Express Hurghada
41%
airBaltic Marrakesh
41%
airBaltic Olbia
41%
airBaltic Palanga
35%
airBaltic Enfidha
32%
Ryanair Memmingen
32%
airBaltic Kittilä
30%
airBaltic Oulu
30%
Ryanair East Midlands
24%
Ryanair Treviso
24%
airBaltic Batumi
22%
Ryanair Sandefjord
16%
airBaltic Lamezia Terme
11%
SkyUp Airlines Hambantota (Mattala)
5%
airBaltic Patras
5%
No matching quizzes found
Score Distribution
Percent of People with Each Score
Percentile by Number Answered
Your Score History
You have not taken this quiz since the last reset